Ram nath kovind: (Record no. 150684)

MARC details
000 -LEADER
fixed length control field 00585nam a22001817a 4500
005 - DATE AND TIME OF LATEST TRANSACTION
control field 20180412104638.0
010 ## - LCCN (DPL NO)
LC control number ENG-122457
020 ## - INTERNATIONAL STANDARD BOOK NUMBER
International Standard Book Number 9788171398683
Terms of availability 800.00
035 ## - SYSTEM CONTROL NUMBER
System control number EN-105989
037 ## - SOURCE OF ACQUISITION
Source of stock number/acquisition DBAD/PUB
082 ## - DEWEY DECIMAL CLASSIFICATION NUMBER
Classification number 954.05092
100 ## - MAIN ENTRY--PERSONAL NAME
Personal name Trivedi, Priya Ranjan
245 ## - TITLE STATEMENT
Title Ram nath kovind:
Statement of responsibility, etc by Priya Ranjan Trivedi
Remainder of title from ranks to raisina /
260 ## - PUBLICATION, DISTRIBUTION, ETC. (IMPRINT)
Place of publication, distribution, etc New Delhi
Name of publisher, distributor, etc Jnanada Prakashan (P&D)
Date of publication, distribution, etc 2017
270 ## - ADDRESS
Address 4837/2, 24, Ansari Road, Daryaganj,
City New Delhi
Postal code 110002
300 ## - PHYSICAL DESCRIPTION
Extent 243p.
Other physical details ill. picture
Dimensions 21cm(Hb)
942 ## - ADDED ENTRY ELEMENTS (KOHA)
Source of classification or shelving scheme Dewey Decimal Classification
Item type English Books
Call number suffix TRI
Classification part 954.05092
Holdings
Withdrawn status Lost status Not for loan Collection code Home library Current library Date acquired Source of acquisition Cost, normal purchase price Full call number Barcode Copy number Cost, replacement price Koha item type
    Not For Loan Non-fiction D.B.Act.Division Shahdara Branch 03/04/2018 DBAD/PUB 800.00 954.05092 TRI EN-105989 1 800.00 English Books

© Delhi Public Library
Hit Counter
free hit counter